1016 1622 1680 1439 1502 1735 1329 1559 1815 1307 1678 1661 1705 1342 1824 1344 1135 1827 1558 1014 1317 1464 1025 1105 1825 1565 1249 1977 1096 1668 1436 1760 1978 1387 1853 1596 1150 1818 1083 1015 1335 1410 1806 1539 1706 1823 1219 1713 1169 1733 1500 1192 1389 1827 1933 1380 1422 1852 1176 1130 1598 1022 1536 1014 1835 1728 1076 1986 1931 1938 1655 1131 1107 1304 1374 1165 1388 1790 1924 1630 1551 1093 1278 1092 1892 1072 1348 1623 1186 1740 1362 1533 1093 1675 1126 1775 1663 1304 1949 BCNSPRNW ULIB Ver.6.0+V

เปลี่ยนเป็นภาษาไทย

Change to English
 แสดงรายละเอียดบรรณานุกรม
  กลับหน้าหลัก

Brief Record : Get Marc (ISO 2709) : E-mail record : QR code < ปิดหน้าต่าง
LEADER : 00000nam 2200000uu 4500
001    13399121435
003     ULIB
008    121119s2551||||th 000 0 tha d
020    ^a9789740497738
090    ^aนว.^bอ675พ
100 0  ^aอาริตา
245 00 ^aพ่อม่ายชายโสด/^cอาริตา
250    ^aพิมพ์ครั้งที่ 1
260    ^aกรุ492 หน้า
710 1  ^aบิวตี้บุ๊ค
945    ^p0^l0^i15011
995    ^aทศพร
999    ^aทศพร เกษรทอง
รายการนี้ยังไม่มีแท็ก
คุณยังไม่ได้ล็อกอิน คุณสามารถมีกิจกรรมร่วมกับเว็บไซต์ได้ แต่ต้องล็อกอินก่อน ::
  ล็อกอิน

รายการสื่อสารสนเทศ

ลำดับที่ ประเภท เลขเรียก/บาร์โค้ด สถานที่ สถานะ
1. นวนิยาย
นวนิยาย
นว. อ675พ ฉ.1 
  Barcode: 15011
ห้องสมุดวิทยาเขตสวรรค์ประชารักษ์
►นวนิยาย
บนชั้น
  ขอยืม

รายการใกล้เคียง
    ผู้แต่ง [อาริตา]

BibComment


ยังไม่เคยถูกคอมเมนท์

คอมเมนท์ทรัพยากรรายการนี้
  คอมเมนท์: พ่อม่ายชายโสด อา..


 Copyright 2026. Bcnsprnw @Library